LEADER 01585nam a2200349 a 4500 001 000000165969 003 CaOOAMICUS 005 20220705172858.0 008 180216s2017 it b u000 u ita r 020 $a978-88-394-0908.9* 032 $aLibriCat 040 $aPUL$bita 041 1 $aita$hspa 130 0 $aBiblia en su entorno.$lItaliano.$0(OLS)http://pul/title/41865 245 13$aLa Bibbia nel suo contesto /$cIgnacio Carbajosa, Joaquin Gonzalez Echegaray, Francisco Varo. 260 $aBrescia :$bPaideia,$c©2017$aTorino :$bClaudiana 300 $a480 p. :$bc. geogr. ;$c23 cm. 490 1 $aNuova introduzione allo studio della Bibbia ;$v01 504 $aInclude indici e riferimenti bibliografici. 630 04$aBiblia$xStoria.$0(OLS)http://pul/subject/7231 700 1 $aVaro, Francisco.$0(OLS)http://pul/name/94211 700 1 $aCarbajosa, Ignacio,$csac.,$d1967-$0(OLS)http://pul/name/64959 700 1 $aGonza?lez Echegaray, Joaqui?n P.$0(OLS)http://pul/name/94210 830 0$aNuova introduzione allo studio della Bibbia ;$v01.$0(OLS)http://pul/title/205679 850 $aPUL 852 $aPUL$W1$xSL Religione 1$y3$m1 C 113.1$j190464$qStampati$B193355$CPULBib$Z2$F193355 $H130295 $81 941 1 $a8 996 $6020$a978-88-394-0908.9*$9(OLS)http://pul/number/163513 996 $6245$aLa Bibbia nel suo contesto$9(OLS)http://pul/title/41866 996 $6260$aBrescia :$bPaideia$9(OLS)http://pul/publisher/47884 996 $6260$aTorino :$bClaudiana$9(OLS)http://pul/publisher/48072 LEADER 00970nam a2200241 a 4500 001 000000166685 003 CaOOAMICUS 005 20180314130439.0 008 180314s1988 it u000 u ita r 032 $aLibriCat 040 $aPUL$bita 100 1 $aMacchia, Giovanni,$d1912-2001.$0(OLS)http://pul/name/40114 245 12$aI moralisti classici : $bda Machiavelli a La Bruyère / $cGiovanni Macchia. 260 $aMilano :$bAdelphi,$c©1988. 300 $a470 p. ;$c18 cm. 490 1 $aPiccola biblioteca Adelphi ;$v220 830 0$aPiccola biblioteca Adelphi ;$v220.$0(OLS)http://pul/title/37100 850 $aPUL 852 $aPUL$W1$xDP1 Fondo Dalla Palma$y117$m1 C 24$j41870$qFondi$B194129$CPULBib$Z2$F194129 $HDal986 $81 941 1 $a1 996 $6245$aI moralisti classici : $bda Machiavelli a La Bruyère / $9(OLS)http://pul/title/206429 996 $6260$aMilano :$bAdelphi$9(OLS)http://pul/publisher/51018